Miasta nad Bobrem - Statystyki

Ogólne statystyki
  • Ten quiz został rozwiązany 40 razy
  • Średni wynik to 6 z 11
Statystyki odpowiedzi
Liczba Ludności Miasto % Poprawnych
78 788 Jelenia Góra
84%
38 872 Bolesławiec
77%
25 668 Żagań
68%
8 822 Lwówek Śląski
61%
18 840 Kamienna Góra
52%
11 711 Szprotawa
45%
5 134 Nowogród Bobrzański
42%
1 751 Wleń
42%
11 238 Krosno Odrzańskie
39%
3 458 Małomice
39%
5 989 Lubawka
35%
Nie znaleziono quizów pasujących do podanych kryteriów
Rozkład punktacji
Procent ludzi z każdym wynikiem
Percentyl według liczby udzielonych odpowiedzi
Twoja historia wyników
Nie rozwiązałeś tego quizu